Opční akciové programy v kontextu s teorií a praxí

Metódy zainteresovania vrcholového manažmentu. Praktické uplatňovanie akciových opčných programov. Hodnotenie opčných akciových programov z hľadiska teórie akciových trhov. Využitie opčných akciových programov, klady a nedostatky.

Na minha lista:
Detalhes bibliográficos
Autor principal: Duspíva, Pavel
Formato: Capítulo de Livro
Idioma:tcheco
Assuntos:
Tags: Adicionar Tag
Sem tags, seja o primeiro a adicionar uma tag!

MARC

LEADER 00000naa$a2200000$$$4500
001 0070678
005 20230929093537.7
041 0 |a cze 
044 |a CZ 
245 1 0 |a Opční akciové programy v kontextu s teorií a praxí  |c Pavel Duspíva 
520 |a Metódy zainteresovania vrcholového manažmentu. Praktické uplatňovanie akciových opčných programov. Hodnotenie opčných akciových programov z hľadiska teórie akciových trhov. Využitie opčných akciových programov, klady a nedostatky. 
610 2 0 |a trh kapitálový 
610 2 0 |a akcie 
610 2 0 |a opcie 
610 2 0 |a manažment strategický 
610 2 0 |a riadenie vrcholové 
610 2 0 |a zainteresovanosť hmotná 
100 1 |a Duspíva, Pavel